00436nam a22001697a 4500003000400000008004100004020001800045082001600063100001700079245002300096250002300119260004000142300001100182650003200193700002100225700002000246OSt220413b ||||| |||| 00| 0 eng d a9789388778763 a346.065 SIB aSINGH, Ajit  aBusiness Laws - II aReprinted Edition aNew DelhibKalyani Publishersc2020 a5-1.24 aBusiness Laws - II Commerce aKHURANA, Parveen aKHURANA, Shashi